Cena pana Alfreda Nobela. V roce 1976 obdržel cenu za ekonomii představitel chicagské školy a zakladatel monetarismu Milton Friedman.
V r. 1976 získal Nobelovu cenu za ekonómiu profesor University of Chicago Milton Friedman. Je zakladateľom monetarizmu. Cenu získal za svoju prácu hlavne v oblasti makroekonómie.
Enregistré dans:
| Format: | Chapitre de livre |
|---|---|
| Langue: | tchèque |
| Sujets: | |
| Tags: |
Pas de tags, Soyez le premier à ajouter un tag!
|
MARC
| LEADER | 00000naa a2200000 4500 | ||
|---|---|---|---|
| 001 | r012175 | ||
| 005 | 20220826094104.8 | ||
| 041 | 0 | |a cze | |
| 044 | |a CZ | ||
| 245 | 1 | 0 | |a Cena pana Alfreda Nobela. |b V roce 1976 obdržel cenu za ekonomii představitel chicagské školy a zakladatel monetarismu Milton Friedman. |
| 520 | |a V r. 1976 získal Nobelovu cenu za ekonómiu profesor University of Chicago Milton Friedman. Je zakladateľom monetarizmu. Cenu získal za svoju prácu hlavne v oblasti makroekonómie. | ||
| 610 | 2 | 0 | |a Nobelova cena |
| 610 | 2 | 0 | |a 1976 |
| 610 | 2 | 0 | |a ekonómia |
| 610 | 2 | 0 | |a Friedman, M. |